• 首页
  • 本馆介绍
  • 公告通知
  • 最新文献
  • 馆藏检索
  • 电子资源
  • 读者导购
  • 参考咨询
  • 我的图书馆
  • 登录
  • 详细信息显示
  • 放入我的书架
  • 预约/预借图书
  • 作者相关作品
  • 分类相关作品
  • 丛书相关作品
  • 出版社相关作品

书目信息

  • 表格格式
  • 工作单格式
  • 卡片格式
题名:
无机合成
    
 
作者: KLEINBERG 主编 ;张靓华 译
分册: 第七卷  
出版信息: 北京   科学出版社  1974
页数: 216页
开本: 20cm
丛书名:
单 册:
中图分类: O611.4
科图分类:
主题词: 无机化学
电子资源:
ISBN:
000 00666nam0 2200229 450
001 0632771485
005 20060925172401.15
010    @dCNY0.88
091    @a13031.158
100    @a20060511d1974 km y0chiy0120 ea
101 0  @achi@ceng
102    @aCN@b110000
102    @aCN@b110000
200 1  @a无机合成@Awu ji he cheng@h第七卷@f(美)JACOB KLEINBERG主编@F(mei)JACOB KLEINBERG zhu bian@g张靓华等译@Gzhang liang hua deng yi
210    @a北京@c科学出版社@d1974
215    @a216页@d20cm
606 0  @a无机化学
690    @aO611.4@v3
701  0 @aKLEINBERG@4主编
702  0 @a张靓华@Azhang liang hua@4译
801  0 @aCN@bPFT@c20060925
905    @a10447@dO611.4@e4:7
    
    无机合成.第七卷/(美)JACOB KLEINBERG主编/张靓华等译.-北京:科学出版社,1974
    216页;20cm
    
    
    ISBN :CNY0.88
    
●
相关链接 在E读中查询图书 在五车中查询图书 在当当中查询图书 在豆瓣中查询图书


正题名:无机合成     索取号:O611.4/4:7         预约/预借

序号 登录号 条形码 馆藏地/架位号 状态 备注
1 0011794   202313040   密集书库/ [索取号:O611.4/4:7] 在馆    
2 0422887   204228870   密集书库/ [索取号:O611.4/4:7] 在馆    
唐山师范学院图书馆 欢迎您!
大连网信软件有限公司© 版权所有